Information Visualization : Beyond the Horizon

Salvato in:
Dettagli Bibliografici
Autore principale: Chen, Chaomei (Autore)
Natura: Libro
Lingua:inglese
Pubblicazione: Londýn : Springer Science-Business Media, 2006
Edizione:2. vyd.
Tags: Aggiungi Tag
Nessun Tag, puoi essere il primo ad aggiungerne!!

MARC

LEADER 00000nam a22000003a 4500
001 stu154168
005 20230828145804.5
008 071213s2006----uk------------------eng-d
020 |a 1-84628-340-X 
040 |a STU  |b slo 
041 0 |a eng 
044 |a uk 
100 1 |a Chen, Chaomei  |4 aut 
245 1 |a Information Visualization :  |b Beyond the Horizon 
250 |a 2. vyd. 
260 |a Londýn :  |b Springer Science-Business Media,  |c 2006 
300 |a 316 s 
996 |b 284IK06692  |c I*12GD5893  |l I  |s A  |a 24  |w stu154168_0001 
996 |b 284IK06929  |c I* 12GD14030  |l I  |s A  |a 24  |w stu154168_0002